[Event "Sivakasi op 4th"]
[Site "Sivakasi"]
[Date "2018.04.24"]
[Round "7"]
[White "Akash, S1111"]
[Black "Ganesh, Babu S"]
[Result "1/2-1/2"]
[WhiteElo "1657"]
[BlackElo "2047"]
[PlyCount "59"]
[EventDate "2018.04.21"]
[EventType "swiss"]
[EventRounds "8"]
[EventCountry "IND"]
[SourceTitle "CBM 184 Extra"]
[Source "ChessBase"]
[SourceDate "2018.06.28"]
[SourceVersion "1"]
[SourceVersionDate "2018.06.28"]
[SourceQuality "1"]

1. b3 d5 2. Bb2 Nf6 3. e3 c5 4. f4 Nc6 5. Bb5 Bd7 6. Nf3 e6 7. 0-0 Be7 8. a4 a6 9. Bxc6 Bxc6 10. Ne5 Rc8 11. a5 0-0 12. d3 Be8 13. Nd2 Nd7 14. Nxd7 Qxd7 15. e4 f6 16. f5 exf5 17. exd5 Qxd5 18. Nc4 Bd8 19. Ne3 Qd7 20. Nxf5 Bg6 21. Ne3 Bf7 22. Qf3 Re8 23. Ra4 Rc6 24. Bc3 Kh8 25. Re4 Rce6 26. Nf5 Rxe4 27. dxe4 Qc6 28. Rd1 Bc7 29. Qg4 Bg6 30. Nh4 1/2-1/2

[Event "Sivakasi op 4th"]
[Site "Sivakasi"]
[Date "2018.04.23"]
[Round "5"]
[White "Dhanasekaran Suresh, R."]
[Black "Ganesh, Babu S"]
[Result "0-1"]
[WhiteElo "1824"]
[BlackElo "2047"]
[PlyCount "132"]
[EventDate "2018.04.21"]
[EventType "swiss"]
[EventRounds "8"]
[EventCountry "IND"]
[SourceTitle "CBM 184 Extra"]
[Source "ChessBase"]
[SourceDate "2018.06.28"]
[SourceVersion "1"]
[SourceVersionDate "2018.06.28"]
[SourceQuality "1"]

1. Nf3 Nf6 2. d4 d5 3. c4 e6 4. Bg5 Nbd7 5. e3 a6 6. cxd5 exd5 7. Nc3 c6 8. Bd3 Be7 9. 0-0 h6 10. Bxf6 Nxf6 11. Ne5 0-0 12. f4 c5 13. Ne2 cxd4 14. exd4 Qb6 15. Rb1 Ng4 16. Rf3 Nxe5 17. fxe5 f6 18. Kh1 fxe5 19. Rxf8+ Bxf8 20. dxe5 Qe3 21. Nd4 Qxe5 22. Nf3 Qh5 23. Bc2 Bg4 24. Qd3 Bxf3 25. Qh7+ Kf7 26. Rf1 Be7 27. Rxf3+ Bf6 28. Qd3 Re8 29. Rf1 Qe5 30. b4 Rd8 31. h3 Kg8 32. Qh7+ Kf7 33. Qd3 Ke7 34. b5 axb5 35. Qxb5 Rd7 36. Ba4 Rc7 37. Qb4+ Kf7 38. Re1 Qc3 39. Be8+ Kg8 40. Qxc3 Bxc3 41. Rd1 d4 42. Bb5 Kf7 43. Kg1 Ke6 44. Kf2 Kd5 45. Rd3 Kc5 46. a4 Kb4 47. Rf3 Re7 48. Kf1 Kb3 49. Kf2 Kc2 50. Bd3+ Kd2 51. Bb5 Re6 52. Rd3+ Kc2 53. Rf3 Re5 54. Bd3+ Kd2 55. Bb5 Re6 56. Rd3+ Kc2 57. Rf3 b6 58. Bd3+ Kd2 59. Bb5 Rd6 60. Rd3+ Kc2 61. Ke2 Rd5 62. Rf3 Re5+ 63. Kf2 Rxb5 64. axb5 d3 65. Ke3 d2 66. Rf2 Kc1 0-1

[Event "Chennai op 2nd"]
[Site "Chennai"]
[Date "2010.02.03"]
[Round "11"]
[White "Ramesh, Ramachandran B"]
[Black "Ganesh, Babu S"]
[Result "1-0"]
[WhiteElo "2482"]
[BlackElo "2149"]
[PlyCount "51"]
[EventDate "2010.01.25"]
[EventType "swiss"]
[EventRounds "11"]
[EventCountry "IND"]
[SourceTitle "CBM 134 Extra"]
[Source "ChessBase"]
[SourceDate "2010.03.03"]
[SourceVersion "1"]
[SourceVersionDate "2010.03.03"]
[SourceQuality "1"]

1. e4 c5 2. Nf3 Nc6 3. Bb5 g6 4. 0-0 Bg7 5. Re1 Nf6 6. e5 Nd5 7. Nc3 Nc7 8. Bxc6 dxc6 9. Ne4 b6 10. Nf6+ Kf8 11. Ne4 Bg4 12. d3 h6 13. Ned2 Qd5 14. h3 Bxf3 15. Nxf3 Rd8 16. b3 Ne6 17. Bb2 Kg8 18. Re4 Kh7 19. Qe2 Rhf8 20. Re1 Qd7 21. a4 a5 22. Bc1 Rh8 23. Be3 Qc7 24. g3 Rd5 25. Kg2 Bxe5 26. c4 1-0

[Event "New Delhi Parsvnath op 8th"]
[Site "New Delhi"]
[Date "2010.01.14"]
[Round "2"]
[White "Ganesh, Babu S"]
[Black "Ashwin, Jayaram"]
[Result "0-1"]
[WhiteElo "2149"]
[BlackElo "2434"]
[PlyCount "56"]
[EventDate "2010.01.14"]
[EventType "swiss"]
[EventRounds "11"]
[EventCountry "IND"]
[SourceTitle "CBM 134 Extra"]
[Source "ChessBase"]
[SourceDate "2010.03.03"]
[SourceVersion "1"]
[SourceVersionDate "2010.03.03"]
[SourceQuality "1"]

1. e4 c5 2. Nf3 e6 3. d4 cxd4 4. Nxd4 Nc6 5. Nc3 Qc7 6. Be3 a6 7. Be2 Nf6 8. 0-0 Be7 9. f4 d6 10. Bf3 0-0 11. g4 Nxd4 12. Bxd4 e5 13. Be3 exf4 14. Bxf4 Be6 15. g5 Nd7 16. Ne2 Bxg5 17. Bxg5 Qc5+ 18. Kh1 Qxg5 19. Qxd6 Ne5 20. Nd4 Bh3 21. Rg1 Qf4 22. Rg3 Rfd8 23. Qb4 Nxf3 24. Nxf3 Bg4 25. Qc3 Rac8 26. Rxg4 Qxg4 27. Qe3 Rxc2 28. Rg1 Rd1 0-1

[Event "Commonwealth-ch"]
[Site "Nagpur"]
[Date "2008.10.01"]
[Round "5"]
[White "Ganesh, Babu S"]
[Black "Rahman, Syed Mahfuzur"]
[Result "0-1"]
[WhiteElo "2109"]
[BlackElo "2297"]
[PlyCount "56"]
[EventDate "2008.09.28"]
[EventType "swiss"]
[EventRounds "11"]
[EventCountry "IND"]
[SourceTitle "CBM 126 Extra"]
[Source "ChessBase"]
[SourceDate "2008.11.05"]
[SourceVersion "1"]
[SourceVersionDate "2008.11.05"]
[SourceQuality "1"]

1. e4 c5 2. Nf3 d6 3. d4 cxd4 4. Nxd4 Nf6 5. Nc3 a6 6. Be2 e6 7. 0-0 Qc7 8. Be3 b5 9. a3 Bb7 10. Bd3 Nbd7 11. f4 Be7 12. Qf3 0-0 13. g4 Nc5 14. g5 Nfd7 15. Qh3 Rfe8 16. Rac1 Rac8 17. f5 Ne5 18. fxe6 fxe6 19. Nxe6 Qd7 20. Bxc5 Rxc5 21. Qh5 Rxc3 22. Nxg7 Kxg7 23. bxc3 Qg4+ 24. Qxg4 Nxg4 25. h4 d5 26. Rf4 Bc5+ 27. Kg2 dxe4 28. Bxe4 Rxe4 0-1

[Event "Commonwealth-ch"]
[Site "Nagpur"]
[Date "2008.09.30"]
[Round "3"]
[White "Ganesh, Babu S"]
[Black "Nandhidhaa, PV."]
[Result "1-0"]
[WhiteElo "2109"]
[BlackElo "1797"]
[PlyCount "55"]
[EventDate "2008.09.28"]
[EventType "swiss"]
[EventRounds "11"]
[EventCountry "IND"]
[SourceTitle "CBM 126 Extra"]
[Source "ChessBase"]
[SourceDate "2008.11.05"]
[SourceVersion "1"]
[SourceVersionDate "2008.11.05"]
[SourceQuality "1"]

1. e4 c5 2. Nf3 d6 3. d4 cxd4 4. Qxd4 Nc6 5. Bb5 Bd7 6. Bxc6 Bxc6 7. Nc3 Nf6 8. Bg5 e6 9. 0-0-0 Be7 10. Rhe1 0-0 11. Qd2 Qc7 12. Nd4 Rfc8 13. Nxc6 Qxc6 14. Bf4 Rd8 15. Qe2 d5 16. e5 Nd7 17. Rd3 Nb6 18. Qh5 g6 19. Qh6 Bf8 20. Qh4 Qc4 21. Re4 Qc6 22. Red4 Qc5 23. Bg5 Rdc8 24. Bf6 Bg7 25. Qxh7+ Kf8 26. Qxg7+ Ke8 27. Rh4 Nd7 28. b4 1-0

[Event "Mumbai Mayors Cup 1st"]
[Site "Mumbai"]
[Date "2008.05.17"]
[Round "9"]
[White "Ganesh, Babu S"]
[Black "Jitesh, Shah"]
[Result "1-0"]
[WhiteElo "2120"]
[BlackElo "1905"]
[PlyCount "57"]
[EventDate "2008.05.11"]
[EventType "swiss"]
[EventRounds "11"]
[EventCountry "IND"]
[SourceTitle "CBM 124 Extra"]
[Source "ChessBase"]
[SourceDate "2008.07.03"]
[SourceVersion "1"]
[SourceVersionDate "2008.07.03"]
[SourceQuality "1"]

1. e4 e5 2. Nf3 Nc6 3. Nc3 Nf6 4. Bb5 Bc5 5. 0-0 d6 6. d4 exd4 7. Nxd4 Bd7 8. Bxc6 bxc6 9. Bg5 h6 10. Bh4 g5 11. Bg3 0-0 12. Nb3 Bb4 13. e5 Bxc3 14. bxc3 dxe5 15. Bxe5 Re8 16. Bxf6 Qxf6 17. Qxd7 Qxc3 18. Qd3 Qb2 19. f4 Rad8 20. Qc4 g4 21. f5 h5 22. f6 Re6 23. Qf4 Qxc2 24. Nd4 Qc5 25. Qh6 Qxd4+ 26. Kh1 Rxf6 27. Qxf6 Qd5 28. Rae1 Rd6 29. Re8+ 1-0

[Event "Mumbai Mayors Cup 1st"]
[Site "Mumbai"]
[Date "2008.05.12"]
[Round "3"]
[White "Ganesh, Babu S"]
[Black "Samarsinh, Parmar"]
[Result "1-0"]
[WhiteElo "2120"]
[BlackElo "1808"]
[PlyCount "76"]
[EventDate "2008.05.11"]
[EventType "swiss"]
[EventRounds "11"]
[EventCountry "IND"]
[SourceTitle "CBM 124 Extra"]
[Source "ChessBase"]
[SourceDate "2008.07.03"]
[SourceVersion "1"]
[SourceVersionDate "2008.07.03"]
[SourceQuality "1"]

1. e4 c5 2. Nf3 d6 3. d4 cxd4 4. Nxd4 Nf6 5. Nc3 a6 6. Be2 e6 7. 0-0 Be7 8. Kh1 Qc7 9. f4 0-0 10. Bf3 Nc6 11. Be3 Bd7 12. Qe1 Rac8 13. Rd1 Na5 14. Bc1 Kh8 15. Nb3 Nxb3 16. cxb3 b5 17. b4 Bc6 18. a3 Qb7 19. Qe2 Rfe8 20. e5 Bxf3 21. Rxf3 Nd5 22. Rh3 g6 23. Nxd5 exd5 24. Rhd3 Bf8 25. b3 dxe5 26. fxe5 Bg7 27. Bb2 Re7 28. Rxd5 Rce8 29. Rd8 Qc7 30. Rxe8+ Rxe8 31. Re1 Re6 32. Qe4 h5 33. Qf3 Kg8 34. h3 Qe7 35. Qd5 Kh7 36. Re2 Qe8 37. Rd2 Kg8 38. Re2 Kh7 1-0

[Event "New Delhi Parsvnath op 6th"]
[Site "New Delhi"]
[Date "2008.01.19"]
[Round "9"]
[White "Ganesh, Babu S"]
[Black "Khailaev, Mamatkul"]
[Result "1-0"]
[WhiteElo "2092"]
[BlackElo "2288"]
[PlyCount "77"]
[EventDate "2008.01.13"]
[EventType "swiss"]
[EventRounds "10"]
[EventCountry "IND"]
[SourceTitle "CBM 122 Extra"]
[Source "ChessBase"]
[SourceDate "2008.03.04"]
[SourceVersion "1"]
[SourceVersionDate "2008.03.04"]
[SourceQuality "1"]

1. e4 c5 2. Nf3 d6 3. d4 cxd4 4. Nxd4 Nf6 5. Nc3 a6 6. Be2 e6 7. a4 b6 8. 0-0 Bb7 9. Qd3 Nbd7 10. Bg5 h6 11. Bxf6 Nxf6 12. Rad1 Be7 13. f4 0-0 14. Rf3 d5 15. e5 Ne4 16. Rh3 Bc5 17. Kf1 Qe7 18. Nxe4 dxe4 19. Qg3 Rfd8 20. c3 Bxd4 21. cxd4 Kf8 22. Qa3 Rac8 23. Qxe7+ Kxe7 24. Rc3 Rd5 25. Kf2 f5 26. Ke3 Kd7 27. Rdc1 b5 28. Rxc8 Bxc8 29. axb5 axb5 30. Bd1 b4 31. Bb3 Ra5 32. Bxe6+ Kxe6 33. Rxc8 Ra2 34. Rc6+ Kd7 35. d5 Rxb2 36. e6+ Ke8 37. d6 Rb3+ 38. Ke2 Rd3 39. Rc8# 1-0

[Event "New Delhi Parsvnath op 6th"]
[Site "New Delhi"]
[Date "2008.01.17"]
[Round "7"]
[White "Ganesh, Babu S"]
[Black "Prasenjit, Dutta"]
[Result "0-1"]
[WhiteElo "2092"]
[BlackElo "2296"]
[PlyCount "72"]
[EventDate "2008.01.13"]
[EventType "swiss"]
[EventRounds "10"]
[EventCountry "IND"]
[SourceTitle "CBM 122 Extra"]
[Source "ChessBase"]
[SourceDate "2008.03.04"]
[SourceVersion "1"]
[SourceVersionDate "2008.03.04"]
[SourceQuality "1"]

1. e4 c5 2. Nf3 e6 3. d4 cxd4 4. Nxd4 a6 5. Nc3 Qc7 6. Bd3 Nf6 7. 0-0 b5 8. Kh1 Bb7 9. a3 Bc5 10. Nb3 Be7 11. f4 d6 12. Qe2 Nbd7 13. Bd2 0-0 14. Rae1 e5 15. f5 Rfe8 16. Rf3 Bf8 17. Rh3 g6 18. Qf2 Bg7 19. Qh4 Bc6 20. Bg5 gxf5 21. Rg3 f4 22. Bh6 fxg3 23. Qg5 Nh5 24. Re3 Re6 25. Bxg7 Nxg7 26. Nd5 Qd8 27. Qxg3 Rg6 28. Qh3 Nc5 29. Nxc5 dxc5 30. c4 Qg5 31. Kg1 Ne6 32. Rg3 Qc1+ 33. Kf2 Qd2+ 34. Kf1 Bxd5 35. exd5 Nf4 36. Qf5 Nxd3 0-1

[Event "Commonwealth-ch"]
[Site "New Delhi"]
[Date "2007.12.08"]
[Round "8"]
[White "Ganesh, Babu S"]
[Black "Hegde, Ravi Gopal"]
[Result "0-1"]
[WhiteElo "2089"]
[BlackElo "2277"]
[PlyCount "131"]
[EventDate "2007.12.03"]
[EventType "swiss"]
[EventRounds "10"]
[EventCountry "IND"]
[SourceTitle "CBM 121 Extra"]
[Source "ChessBase"]
[SourceDate "2008.01.10"]
[SourceVersion "1"]
[SourceVersionDate "2008.01.10"]
[SourceQuality "1"]

1. e4 c5 2. Nf3 e6 3. d4 cxd4 4. Nxd4 Nc6 5. Nc3 d6 6. Be2 Nf6 7. Bg5 a6 8. Qd2 Bd7 9. 0-0-0 b5 10. Qe3 h6 11. Bh4 Nxd4 12. Qxd4 e5 13. Qe3 Be6 14. Bg3 Be7 15. f4 b4 16. Nd5 Bxd5 17. exd5 e4 18. Be1 0-0 19. Bxb4 Qb8 20. Bc3 Rc8 21. Rd4 Qb7 22. Rhd1 Rc5 23. Rxe4 Nxe4 24. Qxe4 Rxc3 25. bxc3 Bf6 26. Kd2 Qd7 27. Bd3 g6 28. Rb1 Rc8 29. Rb3 Re8 30. Rb7 Qc8 31. Rc7 Qb8 32. Qa4 Qxc7 33. Qxe8+ Kg7 34. Qc6 Qa7 35. g3 Qf2+ 36. Kc1 Qxh2 37. Kb2 Qxg3 38. Qxd6 h5 39. Qb4 h4 40. d6 h3 41. Bxa6 h2 42. Bb7 Qe1 43. Qe4 Qxc3+ 44. Kc1 Qa3+ 45. Kd1 Qxd6+ 46. Ke2 Bc3 47. Bd5 f5 48. Qd3 Bf6 49. Qc4 Qe7+ 50. Kf1 Qe3 51. Qc7+ Kh6 52. Qc6 Qxf4+ 53. Ke2 Bd4 54. Kd3 Ba7 55. Kc3 Bb8 56. Kb3 Bd6 57. c3 Be5 58. a4 Qc1 59. a5 Qb1+ 60. Kc4 Qa1 61. Kb5 Bxc3 62. a6 Qa5+ 63. Kc4 Qb4+ 64. Kd3 Qd4+ 65. Kc2 Qd2+ 66. Kb3 0-1

[Event "Commonwealth-ch"]
[Site "New Delhi"]
[Date "2007.12.05"]
[Round "5"]
[White "Shristi, J Shetty"]
[Black "Ganesh, Babu S"]
[Result "1-0"]
[WhiteElo "1916"]
[BlackElo "2089"]
[PlyCount "71"]
[EventDate "2007.12.03"]
[EventType "swiss"]
[EventRounds "10"]
[EventCountry "IND"]
[SourceTitle "CBM 121 Extra"]
[Source "ChessBase"]
[SourceDate "2008.01.10"]
[SourceVersion "1"]
[SourceVersionDate "2008.01.10"]
[SourceQuality "1"]

1. e4 c5 2. Nf3 Nc6 3. d3 e5 4. g3 d6 5. Bg2 Be7 6. c3 Nf6 7. 0-0 0-0 8. h3 a6 9. Re1 Re8 10. d4 Bf8 11. d5 Ne7 12. Bg5 Ng6 13. a4 Be7 14. Bc1 Rb8 15. a5 Bd7 16. Nbd2 Qc8 17. Kh2 Nf8 18. Nc4 b5 19. axb6 Bb5 20. Bf1 N8d7 21. Qb3 Bf8 22. Nh4 g6 23. Nf3 h6 24. Nfd2 Qd8 25. b7 Nh5 26. Kg1 Ndf6 27. Na5 Bxf1 28. Nc6 Qd7 29. Nxb8 Qxh3 30. Nxf1 Ng4 31. Nc6 g5 32. b8Q Nf4 33. Bxf4 exf4 34. c4 Rxb8 35. Nxb8 Ne5 36. Nh2 1-0

[Event "Commonwealth-ch"]
[Site "New Delhi"]
[Date "2007.12.04"]
[Round "3"]
[White "Auckland, Elliott"]
[Black "Ganesh, Babu S"]
[Result "0-1"]
[WhiteElo "1910"]
[BlackElo "2089"]
[PlyCount "94"]
[EventDate "2007.12.03"]
[EventType "swiss"]
[EventRounds "10"]
[EventCountry "IND"]
[SourceTitle "CBM 121 Extra"]
[Source "ChessBase"]
[SourceDate "2008.01.10"]
[SourceVersion "1"]
[SourceVersionDate "2008.01.10"]
[SourceQuality "1"]

1. d4 Nf6 2. c4 e6 3. Nf3 d5 4. g3 c5 5. Bg2 Nc6 6. e3 Be7 7. 0-0 0-0 8. b3 b6 9. Bb2 Bb7 10. Nbd2 Rc8 11. a3 Ne4 12. Rc1 f5 13. h4 h6 14. dxc5 Nxc5 15. Qc2 dxc4 16. Nxc4 Qd3 17. b4 Qxc2 18. Rxc2 Ne4 19. Rfc1 Rfe8 20. Nfd2 Nf6 21. Nb3 Nd5 22. Ne5 Nxe5 23. Rxc8 Rxc8 24. Rxc8+ Bxc8 25. Bxe5 Kf7 26. Nd4 g6 27. h5 Bd7 28. Nf3 gxh5 29. Bb8 a5 30. Ne5+ Ke8 31. bxa5 bxa5 32. Nc4 a4 33. Nd6+ Kd8 34. Kh2 Nc7 35. Nc4 Bb5 36. Ne5 Bxa3 37. Ba7 Bb2 38. Nf7+ Ke7 39. Nxh6 Na6 40. Nxf5+ exf5 41. Bd5 Kd6 42. Ba2 Nb4 43. Bf7 a3 44. Bb3 Bc6 45. Bb8+ Kc5 46. Ba7+ Kb5 47. e4 fxe4 0-1